000 00761nam a22002177a 4500
005 20240530110928.0
008 220214s2002 ua g 000 p ara d
017 _bمصر. دار الكتب
_a2002/15505
020 _a9773272893
040 _aEG-CaGPL
_cEG-CaGPL
082 0 4 _221
_a811.09\
_bم أ
100 0 _aميسرة صلاح الدين
245 1 0 _aانا قلبى فارس /
_cميسرة صلاح الدين
250 _aط. 1
260 _aالقاهرة :
_bمطبوعات هيئة الفنون والاداب والعلوم الاجتماعية بالاسكندرية،
_c2002
300 _a89 ص. ؛
_c20 سم.
650 0 7 _2qrmak
_aالشعر العربى
651 _2qrmak
942 _2ddc
_cBK
999 _c66606
_d66606